Statistics for Top 5 Greatest NBA Centers of All Time

Click here to take the quiz!

General Stats

  • This quiz has been taken 10,844 times
    (10,805 since last reset)
  • The average score is 4 of 5

Answer Stats

Team Player % Correct
ORL/LAL/MIA/PHX/CLE/BOSShaquille O'Neal
94%
BOSBill Russell
89%
PHI/LALWilt Chamberlain
87%
HOU/TORHakeem Olajuwon
87%
MIL/LALKareem Abdul-Jabbar
75%

Score Distribution

Percentile by Number Answered

Percent of People with Each Score

Your Score History

You have not taken this quiz since the last reset